• 首页
  • 本馆介绍
  • 公告通知
  • 最新文献
  • 馆藏检索
  • 电子资源
  • 读者导购
  • 参考咨询
  • 我的图书馆
  • 登录
  • 详细信息显示
  • 放入我的书架
  • 预约/预借图书
  • 作者相关作品
  • 分类相关作品
  • 丛书相关作品
  • 出版社相关作品

书目信息

  • 表格格式
  • 工作单格式
  • 卡片格式
题名:
《中华人民共和国医师法》理解与适用
    
 
作者: 王启辉 著
分册:  
出版信息: 北京   中国政法大学出版社  2022
页数: 161页
开本: 21cm
丛书名: 河海大学法学青年文库
单 册:
中图分类: D922.165
科图分类:
主题词: 医师--医药卫生管理--法规--法律解释--中国 , 医师--医药卫生管理--法规--法律适用--中国
电子资源:
ISBN: 978-7-5764-0420-3
000 01125nam 2200277 450
001 012024000237
005 20240924225237.0
010    @a978-7-5764-0420-3@dCNY49.00
100    @a20240924d2022 em y0chiy50 ea
101 0  @achi
102    @aCN@b110000
105    @ay zn 000yy
106    @ar
200 1  @a《中华人民共和国医师法》理解与适用@A《 zhong hua ren min gong he guo yi shi fa 》 li jie yu shi yong@f王启辉著
210    @a北京@c中国政法大学出版社@d2022
215    @a161页@d21cm
225 2  @a河海大学法学青年文库
300    @a司法部法治建设与法学理论研究部级科研项目“基于公共卫生安全的家庭医生法律制度研究”、江苏省卫生法学会基金课题“医疗执业法治体系研究”阶段性成果
330    @a本书共七章,内容包括:总则、考试和注册、执业规则、培训和考核、保障措施、法律责任、附则。
410  0 @12001 @a河海大学法学青年文库
606 0  @a医师@x医药卫生管理@x法规@x法律解释@y中国
606 0  @a医师@x医药卫生管理@x法规@x法律适用@y中国
690    @aD922.165@v5
701  0 @a王启辉@Awang qi hui@4著
801  0 @aCN@bAHXH@c20240924
905    @b214138707@b214138716@b214138725@b214138734@b214138743@dD922.165@e2360@f5
    
    《中华人民共和国医师法》理解与适用/王启辉著.-北京:中国政法大学出版社,2022
    161页;21cm.-(河海大学法学青年文库)
    司法部法治建设与法学理论研究部级科研项目“基于公共卫生安全的家庭医生法律制度研究”、江苏省卫生法学会基金课题“医疗执业法治体系研究”阶段性成果
    
    ISBN 978-7-5764-0420-3:CNY49.00
    本书共七章,内容包括:总则、考试和注册、执业规则、培训和考核、保障措施、法律责任、附则。
●
相关链接 在E读中查询图书 在五车中查询图书 在当当中查询图书 在豆瓣中查询图书


正题名:《中华人民共和国医师法》理解与适用     索取号:D922.165/2360         预约/预借

序号 登录号 条形码 馆藏地/架位号 状态 备注
1 1413870   214138707   第一样本阅览室/ [索取号:D922.165/2360] 在馆    
2 1413871   214138716   第一借阅区/ [索取号:D922.165/2360] 在馆    
3 1413872   214138725   第一借阅区/ [索取号:D922.165/2360] 在馆    
4 1413873   214138734   第一借阅区/ [索取号:D922.165/2360] 在馆    
5 1413874   214138743   第一借阅区/ [索取号:D922.165/2360] 在馆    
唐山师范学院图书馆 欢迎您!
大连网信软件有限公司© 版权所有